| 000 | 00741pam a2200217 a 4500 | ||
|---|---|---|---|
| 001 | 579679 | ||
| 005 | 20250208104107.0 | ||
| 008 | 900206s1990 nyua b 001 0 eng c | ||
| 020 | _a0881676241 | ||
| 050 | 0 | 0 |
_aRC660 _b.D5415 1990 |
| 082 | 0 | 0 |
_a618.97/6462 _220 |
| 245 | 0 | 0 |
_aDiabetes mellitus in the elderly : _ba practical guide / _ceditor-in-chief, Steven R. Gambert ; associate editors, Ramachandiran Cooppan, Krishan L. Gupta. |
| 260 |
_aNew York : _bRaven Press, _cc1990. |
||
| 300 |
_axii, 276 p. : _bill. ; _c25 cm. |
||
| 650 | 0 | _aDiabetes in old age. | |
| 650 | 2 |
_aDiabetes Mellitus _xin old age. |
|
| 700 | 1 |
_aGambert, Steven R., _d1949- |
|
| 700 | 1 | _aCooppan, Ramachandiran. | |
| 700 | 1 | _aGupta, Krishan L. | |
| 942 |
_2lcc _cBK _n0 |
||
| 999 |
_c3647 _d3647 |
||